000 01129cam a22003257a 4500
001 15309234
003 OSt
005 20151130155324.0
008 080529s2008 enka b 001 0 eng
010 _a 2008273922
015 _aGBA783985
_2bnb
016 7 _a014100634
_2Uk
020 _a9780521874144 (cased)
020 _a0521874149 (cased)
035 _a(OCoLC)ocn166382259
040 _aUKM
_cUKM
_dBTCTA
_dYDXCP
_dBAKER
_dBWKUK
_dIXA
_dDLC
042 _aukblcatcopy
_alccopycat
050 0 0 _aTK5103.7
_b.M33 2008
082 0 4 _a384
_222
_bMAD 2008
100 1 _aMadhow, Upamanyu.
_96411
245 1 0 _aFundamentals of digital communication /
_cUpamanyu Madhow.
260 _aCambridge ;
_aNew York :
_bCambridge University Press,
_c2008.
300 _axiv, 499 p. :
_bill. ;
_c26 cm.
504 _aIncludes bibliographical references and index.
650 0 _aDigital communications.
_96412
856 4 1 _3Table of contents
_uhttp://www.loc.gov/catdir/toc/fy0804/2008273922.html
906 _a7
_bcbc
_ccopycat
_d3
_encip
_f20
_gy-gencatlg
942 _2ddc
_cSLOAN
999 _c2757
_d2757